000 00636nam a2200217 i 4500
001 141247
003 ES-MaACL
005 20230906200244.0
007 t|
008 070920s1966 fr ||||1| fre d
080 _a929 Diderot
100 1 _aCrevel, René.
_941581
245 1 3 _aLe clavecion de Diderot, 1932 /
_cRené Crevel.
260 _aFrancia :
_bJean-Jacques Pauvert,
_c[1966]
300 _a174 p. ;
_c19 cm.
490 1 _aLibertés nouvelles ;
_v38
500 _aBiblioteca Jacinto Martínez Lacalle.
830 0 _aLibertés nouvelles ;
_v38
_9187179
852 _aES-MaACL
_jE-12178
_bR.190403
999 _c141247
_d141247